Every child matters.

In response to the Victoria Climbie case and inquiry, the Government produced the Every Child Matters (ECM) Green Paper and the Children Act 2004 legislation. The impact of this legislation on schools is all-encompassing, driving schools to work in multi-agency teams and become fully-inclusive. This...

Full description

Bibliographic Details
Corporate Author: Double Exposure/Flashback TV (Producer)
Format: Video
Language:English
Language Notes:This edition in English.
Published: [England] : Teachers TV/UK Dept. of Education, 2005.
Series:Education in video
School matters ; 1
Subjects:
Online Access:Connect to this streaming video (Alexander Street Press)

MARC

Tag First Indicator Second Indicator Subfields
LEADER 00000cgm a2200000 a 4500
001 in00005549821
006 m o c
007 cr |n|---||a|a
007 vz |zazu|
008 120229s2005 enk028 o vleng d
005 20241201230501.4
035 |a (OCoLC)ocn808818310 
040 |a ALSTP  |b eng  |e pn  |c ALSTP  |d OCLCO  |d OCLCQ  |d VMC  |d OCLCQ  |d OCLCA  |d OCLCF  |d OCLCQ  |d OCLCO  |d OCLCA  |d OCLCQ  |d OCLCO  |d OCLCA  |d OCLCQ  |d MNI  |d INT  |d OCLCQ  |d WYU  |d OCLCA  |d ORU  |d OCLCO  |d OCLCQ  |d OCLCL  |d OCLCQ 
019 |a 1269046640  |a 1406312552  |a 1443978062 
035 |a (OCoLC)808818310  |z (OCoLC)1269046640  |z (OCoLC)1406312552  |z (OCoLC)1443978062 
043 |a e-uk--- 
050 4 |a AE5  |b .A940 Internet 
082 0 4 |a 373  |q OCoLC  |2 23/eng/20231120 
049 |a TXAM 
245 0 0 |a Every child matters. 
260 |a [England] :  |b Teachers TV/UK Dept. of Education,  |c 2005. 
300 |a 1 online resource (28 min.). 
336 |a two-dimensional moving image  |b tdi  |2 rdacontent 
337 |a computer  |b c  |2 rdamedia 
338 |a online resource  |b cr  |2 rdacarrier 
490 0 |a Education in video 
490 0 |a School matters ;  |v 1 
500 |a Title from resource description page (viewed Mar. 5, 2012). 
520 |a In response to the Victoria Climbie case and inquiry, the Government produced the Every Child Matters (ECM) Green Paper and the Children Act 2004 legislation. The impact of this legislation on schools is all-encompassing, driving schools to work in multi-agency teams and become fully-inclusive. This programme takes an honest look at the legislation and the broader ECM agenda, exploring what they mean for schools in practice and investigating the challenges schools now face in terms of communication, workload, standards and league tables. Discover how two inner-city secondary schools have chosen to implement their own approach to ECM. Mayfield School and College is just beginning to introduce ECM. George Green's School pre-empted the ECM agenda having already adopted a fully embedded multi-agency approach with an on-site full-time social-worker, police officer and school counsellor. 
546 |a This edition in English. 
650 0 |a Education and state  |z Great Britain. 
650 0 |a Educational law and legislation  |z Great Britain. 
650 6 |a Éducation  |x Politique gouvernementale  |z Grande-Bretagne. 
650 7 |a Education and state.  |2 fast  |0 (OCoLC)fst00902835 
650 7 |a Educational law and legislation.  |2 fast  |0 (OCoLC)fst00903503 
651 7 |a Great Britain.  |2 fast  |0 (OCoLC)fst01204623  |1 https://id.oclc.org/worldcat/entity/E39PBJdmp7p3cx8hpmJ8HvmTpP 
655 4 |a Alexander Street Video. 
655 7 |a Instructional television programs.  |2 fast  |0 (OCoLC)fst01726126 
655 7 |a Nonfiction television programs.  |2 fast  |0 (OCoLC)fst01710270 
655 7 |a Nonfiction television programs.  |2 lcgft 
655 7 |a Instructional television programs.  |2 lcgft 
655 7 |a Émissions télévisées autres que de fiction.  |2 rvmgf 
655 7 |a Émissions pédagogiques télévisées.  |2 rvmgf 
710 2 |a Double Exposure/Flashback TV.  |4 pro 
776 0 8 |i Print version:  |t Every child matters.  |d [England] : Teachers TV/UK Dept. of Education, 2005 publisher catalog number  |o C/0458/001 
856 4 0 |u http://proxy.library.tamu.edu/login?url=https://www.aspresolver.com/aspresolver.asp?AVN2;1781075  |z Connect to this streaming video (Alexander Street Press)  |t 0 
955 |a Alexander Street Press subscription streaming video 
994 |a 92  |b TXA 
999 f f |s e56f2060-8ca8-48ff-9aa0-ded5004ecabf  |i 43a4037b-e5e5-4754-9162-7f22e7303496  |t 0 
952 f f |a Texas A&M University  |b College Station  |c Electronic Resources  |d Available Online  |t 0  |e AE5 .A940 Internet  |h Library of Congress classification 
998 f f |a AE5 .A940 Internet  |t 0  |l Available Online